<?xml version="1.0" encoding="UTF-8"?>
<record
    xmlns:xsi="http://www.w3.org/2001/XMLSchema-instance"
    xsi:schemaLocation="http://www.loc.gov/MARC21/slim http://www.loc.gov/standards/marcxml/schema/MARC21slim.xsd"
    xmlns="http://www.loc.gov/MARC21/slim">

  <leader>01379nam a22002895a 4500</leader>
  <controlfield tag="003">OSt</controlfield>
  <controlfield tag="005">20170709133717.0</controlfield>
  <controlfield tag="008">170622s2016    ua a   grb    000 0 ara d</controlfield>
  <datafield tag="017" ind1=" " ind2=" ">
    <subfield code="a">2015 / 11414</subfield>
  </datafield>
  <datafield tag="020" ind1=" " ind2=" ">
    <subfield code="a">9789777611008</subfield>
  </datafield>
  <datafield tag="040" ind1=" " ind2=" ">
    <subfield code="a">EG-ScBUE </subfield>
    <subfield code="b">ara</subfield>
    <subfield code="c">EG-ScBUE </subfield>
  </datafield>
  <datafield tag="082" ind1="0" ind2="4">
    <subfield code="a">346,0482</subfield>
    <subfield code="b">&#x644; &#x647;&#x640; &#x628;</subfield>
    <subfield code="2">22</subfield>
  </datafield>
  <datafield tag="100" ind1="1" ind2=" ">
    <subfield code="a">&#x644;&#x647;&#x628;&#x64A;&#x60C; &#x62D;&#x645;&#x64A;&#x62F; &#x645;&#x62D;&#x645;&#x62F; &#x639;&#x644;&#x64A;.</subfield>
  </datafield>
  <datafield tag="245" ind1="1" ind2="2">
    <subfield code="a">&#x627;&#x644;&#x62D;&#x645;&#x627;&#x64A;&#x629; &#x627;&#x644;&#x642;&#x627;&#x646;&#x648;&#x646;&#x64A;&#x629; &#x644;&#x62D;&#x642;&#x648;&#x642; &#x627;&#x644;&#x645;&#x644;&#x643;&#x64A;&#x629; &#x627;&#x644;&#x641;&#x643;&#x631;&#x64A;&#x629; &#x641;&#x64A; &#x625;&#x637;&#x627;&#x631; &#x645;&#x646;&#x638;&#x645;&#x629; &#x627;&#x644;&#x62A;&#x62C;&#x627;&#x631;&#x629; &#x627;&#x644;&#x639;&#x627;&#x644;&#x645;&#x64A;&#x629; =</subfield>
    <subfield code="b">The legal protection for the inellectual property rights in the framework of the world trade organization.</subfield>
    <subfield code="c">&#x62D;&#x645;&#x64A;&#x62F; &#x645;&#x62D;&#x645;&#x62F; &#x639;&#x644;&#x64A; &#x627;&#x644;&#x644;&#x647;&#x628;&#x64A;.</subfield>
  </datafield>
  <datafield tag="246" ind1="3" ind2="1">
    <subfield code="a">The legal protection for the inellectual property rights in the framework of the world trade organization</subfield>
  </datafield>
  <datafield tag="250" ind1=" " ind2=" ">
    <subfield code="a">&#x637;. 2.</subfield>
  </datafield>
  <datafield tag="260" ind1=" " ind2=" ">
    <subfield code="a">&#x627;&#x644;&#x642;&#x627;&#x647;&#x631;&#x629; :</subfield>
    <subfield code="b">&#x627;&#x644;&#x645;&#x631;&#x643;&#x632; &#x627;&#x644;&#x642;&#x648;&#x645;&#x64A; &#x644;&#x644;&#x625;&#x635;&#x62F;&#x627;&#x631;&#x627;&#x62A; &#x627;&#x644;&#x642;&#x627;&#x646;&#x648;&#x646;&#x64A;&#x629;&#x60C;</subfield>
    <subfield code="c">2016.</subfield>
  </datafield>
  <datafield tag="300" ind1=" " ind2=" ">
    <subfield code="a">728 &#x635;. :</subfield>
    <subfield code="b">&#x625;&#x64A;&#x636; &#x61B;</subfield>
    <subfield code="c">24 &#x633;&#x645;.</subfield>
  </datafield>
  <datafield tag="504" ind1=" " ind2=" ">
    <subfield code="a">&#x628;&#x628;&#x644;&#x64A;&#x648;&#x62C;&#x631;&#x627;&#x641;&#x64A;&#x629; : &#x635;. 692-714.</subfield>
  </datafield>
  <datafield tag="541" ind1=" " ind2=" ">
    <subfield code="a">&#x625;&#x647;&#x62F;&#x627;&#x621; &#x645;&#x646; &#x627;. &#x645;&#x62D;&#x645;&#x62F; &#x641;&#x631;&#x64A;&#x62F; &#x62E;&#x645;&#x64A;&#x633;.</subfield>
  </datafield>
  <datafield tag="590" ind1=" " ind2=" ">
    <subfield code="a">Wessam</subfield>
  </datafield>
  <datafield tag="650" ind1=" " ind2="7">
    <subfield code="a">&#x62D;&#x642;&#x648;&#x642; &#x627;&#x644;&#x62A;&#x623;&#x644;&#x64A;&#x641; &#x648;&#x627;&#x644;&#x646;&#x634;&#x631;</subfield>
    <subfield code="x">&#x642;&#x648;&#x627;&#x646;&#x64A;&#x646; &#x648;&#x62A;&#x634;&#x631;&#x64A;&#x639;&#x627;&#x62A;.</subfield>
    <subfield code="2">BUEsh</subfield>
    <subfield code="9">20403</subfield>
  </datafield>
  <datafield tag="650" ind1=" " ind2="7">
    <subfield code="a">&#x628;&#x631;&#x627;&#x621;&#x627;&#x62A; &#x627;&#x644;&#x627;&#x62E;&#x62A;&#x631;&#x627;&#x639; </subfield>
    <subfield code="x">&#x642;&#x648;&#x627;&#x646;&#x64A;&#x646; &#x648;&#x62A;&#x634;&#x631;&#x64A;&#x639;&#x627;&#x62A;.</subfield>
    <subfield code="9">41045</subfield>
    <subfield code="2">BUEsh</subfield>
  </datafield>
  <datafield tag="651" ind1=" " ind2=" ">
    <subfield code="2">BUEsh</subfield>
  </datafield>
  <datafield tag="653" ind1=" " ind2=" ">
    <subfield code="b">BUSECO</subfield>
    <subfield code="c">June2017</subfield>
    <subfield code="b">BUSADM</subfield>
    <subfield code="b">LLAAWW</subfield>
    <subfield code="c">June2017</subfield>
  </datafield>
  <datafield tag="942" ind1=" " ind2=" ">
    <subfield code="2">ddc</subfield>
  </datafield>
  <datafield tag="999" ind1=" " ind2=" ">
    <subfield code="c">24950</subfield>
    <subfield code="d">24922</subfield>
  </datafield>
  <datafield tag="952" ind1=" " ind2=" ">
    <subfield code="0">0</subfield>
    <subfield code="1">0</subfield>
    <subfield code="2">ddc</subfield>
    <subfield code="4">0</subfield>
    <subfield code="7">0</subfield>
    <subfield code="a">MAIN</subfield>
    <subfield code="b">MAIN</subfield>
    <subfield code="c">1ST</subfield>
    <subfield code="d">2017-06-22</subfield>
    <subfield code="e">Donation</subfield>
    <subfield code="o">346,0482 &#x644; &#x647;&#x640; &#x628;</subfield>
    <subfield code="p">000034834</subfield>
    <subfield code="q">2024-01-11</subfield>
    <subfield code="r">2023-12-12 00:00:00</subfield>
    <subfield code="s">2023-12-12</subfield>
    <subfield code="x">&#x625;&#x647;&#x62F;&#x627;&#x621; &#x645;&#x646; &#x627;. &#x645;&#x62D;&#x645;&#x62F; &#x641;&#x631;&#x64A;&#x62F; &#x62E;&#x645;&#x64A;&#x633;</subfield>
    <subfield code="y">BB</subfield>
  </datafield>
</record>
